The Leadership in Management : Understanding Leadership Wisdom (Record no. 481116)

MARC details
000 -LEADER
fixed length control field 00916nam a2200253Ia 4500
008 - FIXED-LENGTH DATA ELEMENTS--GENERAL INFORMATION
fixed length control field 100315s9999 xx 000 0 und d
020 ## - INTERNATIONAL STANDARD BOOK NUMBER
International Standard Book Number 81-313-0073-0 
040 ## - CATALOGING SOURCE
Transcribing agency ENGLISH 
082 ## - DEWEY DECIMAL CLASSIFICATION NUMBER
Item number 6381 
Classification number 658.4092 
100 ## - MAIN ENTRY--PERSONAL NAME
Personal name "Kumar, C. Rajendra, Kartan, Sanjay S. "
245 ## - TITLE STATEMENT
Title The Leadership in Management : Understanding Leadership Wisdom
260 ## - PUBLICATION, DISTRIBUTION, ETC. (IMPRINT)
Place of publication, distribution, etc New Delhi 
Name of publisher, distributor, etc A.P.H. Publishing.....  
Date of publication, distribution, etc 2007 
300 ## - PHYSICAL DESCRIPTION
Extent 261 Pg. 
365 ## - TRADE PRICE
Price note Rupees 
Unit of pricing
Price amount 505.75 
366 ## - TRADE AVAILABILITY INFORMATION
Publishers' discount category 15 
505 ## - FORMATTED CONTENTS NOTE
Miscellaneous information Rashmi Bhutkar 
530 ## - ADDITIONAL PHYSICAL FORM AVAILABLE NOTE
Availability source BG - (Yogi Book Centre) 929/17-10-2007 
Additional physical form available note 929/17-10-2007 
536 ## - FUNDING INFORMATION NOTE
Text of note 01/04/2007-31/03/2008 
620 ## -
-- 1. Development 2. Styles 3. Role 4. Brand 5. Growth 
630 ## - SUBJECT ADDED ENTRY--UNIFORM TITLE
Uniform title The Leadership in Management : Understanding Leadership Wisdom
650 ## - SUBJECT ADDED ENTRY--TOPICAL TERM
Topical term or geographic name as entry element Leadership 
730 ## - ADDED ENTRY--UNIFORM TITLE
Uniform title The Leadership in Management : Understanding Leadership Wisdom
942 ## - ADDED ENTRY ELEMENTS (KOHA)
Koha item type Book
Holdings
Withdrawn status Lost status Damaged status Not for loan Home library Current library Date acquired Cost, normal purchase price Total Checkouts Full call number Barcode Date last seen Price effective from Koha item type
        Dr. V. N. Bedekar Institute of Management Studies Library Dr. V. N. Bedekar Institute of Management Studies Library 10/12/2007 595.00   658.4092 /KUM/KAR  6381  VPMBRIMS-6381  03/19/2010 03/19/2010 Book